000 00435nam a2200193Ia 4500
003 IT-RoPAU
008 120407s9999 xx 000 0 und d
040 _aIT-RoPAU
040 _cIT-RoPAU
041 _aita
100 _aNatale Merelli
245 _aIn lui abbiamo visto l’amore. Riflessioni sul crocifisso.
260 _aEdizioni Paoline
260 _c1981
300 _c cm
490 _v1
942 _cBK
999 _c17410
_d17410